In on the act (Record no. 73684)

MARC details
000 -LEADER
fixed length control field 01626cam a2200241 4500
001 - CONTROL NUMBER
control field ABS67123
008 - FIXED-LENGTH DATA ELEMENTS--GENERAL INFORMATION
fixed length control field 031029n2003 000 0 eng u
035 ## - SYSTEM CONTROL NUMBER
System control number (Sirsi) u124148
100 ## - MAIN ENTRY--PERSONAL NAME
Personal name Dickinson, J.
245 ## - TITLE STATEMENT
Title In on the act
260 ## - PUBLICATION, DISTRIBUTION, ETC.
Date of publication, distribution, etc. 2003
490 ## - SERIES STATEMENT
Series statement RICS Business
Volume/sequential designation October 2003, 17-18(2)
520 ## - SUMMARY, ETC.
Summary, etc. Discusses why it makes sound business sense for surveyors to take notice of the Disability Discrimination Act 1995 (DDA) and to take advantage of the opportunities to advise clients on their DDA responsibilities, such as what reasonable adjustments to the physical environment they should make. Outlines the full remit of the DDA in respect of employers' (public service providers) obligations, noting that all exemptions to these duties will cease by October 2004. Highlights the fact that it is the service provider not the building that has to comply with the DDA and that surveyors should understand the whole Act, not just the building aspects. Recommends that service providers develop a strategic approach to meet their DDA obligations, undertaking a full organisation audit. Indicates that proven DDA expertise is now becoming a pre-requisite prior to appointment for some commissions.
590 ## - LOCAL NOTE (RLIN)
Local note ABS
650 ## - SUBJECT ADDED ENTRY--TOPICAL TERM
Topical term or geographic name entry element DISABILITY DISCRIMINATION ACT 1995
650 ## - SUBJECT ADDED ENTRY--TOPICAL TERM
Topical term or geographic name entry element SPECIAL EDUCATIONAL NEEDS AND DISABILITY ACT 2001
650 ## - SUBJECT ADDED ENTRY--TOPICAL TERM
Topical term or geographic name entry element DISABILITY
650 ## - SUBJECT ADDED ENTRY--TOPICAL TERM
Topical term or geographic name entry element SERVICE PROVIDERS
650 ## - SUBJECT ADDED ENTRY--TOPICAL TERM
Topical term or geographic name entry element BUILT ENVIRONMENT
650 ## - SUBJECT ADDED ENTRY--TOPICAL TERM
Topical term or geographic name entry element MANAGEMENT-BUSINESS MANAGEMENT-DISCRIMINATION-DISABILITY DISCRIMINATION-ACCESSIBILITY-ACCESS AUDITS
690 ## - LOCAL SUBJECT ADDED ENTRY--TOPICAL TERM (OCLC, RLIN)
Topical term or geographic name as entry element BUILT ENVIRONMENT-CONSTRUCTION DESIGN
942 ## - ADDED ENTRY ELEMENTS (KOHA)
Suppress in OPAC 0
Holdings
Withdrawn status Lost status Source of classification or shelving scheme Damaged status Not for loan Home library Current library Shelving location Date acquired Total Checkouts Full call number Barcode Date last seen Copy number Price effective from Koha item type
    Dewey Decimal Classification     London London Journal article 29/10/2003   ABS67123 124148-1001 06/08/2019 1 06/08/2019 Journal article